UM Logo

Noli me tangere/ (Record no. 4068)

MARC details
000 -LEADER
fixed length control field 00506nam a22001577a 4500
008 - FIXED-LENGTH DATA ELEMENTS--GENERAL INFORMATION
fixed length control field 160823b xxu||||| |||| 00| 0 eng d
020 ## - INTERNATIONAL STANDARD BOOK NUMBER
International Standard Book Number 9712711633
082 ## - DEWEY DECIMAL CLASSIFICATION NUMBER
Edition number 2002
Classification number DFil 899.2113
Item number R52
100 ## - MAIN ENTRY--PERSONAL NAME
9 (RLIN) 13546
Personal name Rizal, Jose
245 ## - TITLE STATEMENT
Title Noli me tangere/
Statement of responsibility, etc. Jose Rizal
260 ## - PUBLICATION, DISTRIBUTION, ETC. (IMPRINT)
Place of publication, distribution, etc. Pasig City:
Name of publisher, distributor, etc. Anvil Publishing Inc.,
Date of publication, distribution, etc. c2002.
300 ## - PHYSICAL DESCRIPTION
Extent iii, 375 pages:
Dimensions 23 cm.
650 #0 - SUBJECT ADDED ENTRY--TOPICAL TERM
9 (RLIN) 13550
Topical term or geographic name as entry element Philippines -- History -- 1812-1898 -- Fiction
700 ## - ADDED ENTRY--PERSONAL NAME
9 (RLIN) 13551
Personal name Guerrero, Leon Ma.
Relator term Translator
942 ## - ADDED ENTRY ELEMENTS (KOHA)
Source of classification or shelving scheme Dewey Decimal Classification
Koha item type Filipiniana
Holdings
Withdrawn status Lost status Source of classification or shelving scheme Damaged status Not for loan Collection code Home library Current library Shelving location Date acquired Source of acquisition Total Checkouts Full call number Barcode Date last seen Date last checked out Price effective from Koha item type
    Dewey Decimal Classification     Filipiniana UM Digos College - LIC UM Digos College - LIC Book Cart 10/03/2003 Purchased 5 DFil 899.2113 R52 2002 16056 05/15/2025 09/22/2022 08/23/2016 Filipiniana